Victoria

Detalles Bibliográficos
Título anterior:Good housekeeping's Victoria
Formato: Electrónico Revista
Lenguaje:inglés
Publicado: New York, N.Y. : Hearst Corp.
Materias:
Acceso en línea:Full text available from Research Library: 04/01/1998 to 06/30/2003

MARC

LEADER 00000nas a2200000 a 4500
001 ssj0009171
003 WaSeSS
005 20200512172242.0
006 m d
007 cr n
008 880922c19889999alubr p s 0 a0eng c
010 |a  90641508   |z sn 88008709   |z  2007214370 
022 |l 1040-6883  |y 1040-6883 
035 |a (WaSeSS)ssj0009171 
037 |b Victoria, 1900 International Dr., Birmingham, AL 35243 
040 |a NSD  |b eng  |c NSD  |d DLC  |d NST  |d DLC  |d EBZ  |d OCLCQ  |d NSD  |d OCLCQ  |d NSD  |d MUQ  |d CUS  |d OCLCQ  |d OCLCF  |d OCLCO  |d S3O  |d OCLCO  |d HCO  |d OCLCO  |d YUS  |d OCLCO  |d LKC  |d WaSeSS 
042 |a nsdp  |a pcc 
050 0 0 |a TX1  |b .V53 
082 1 0 |a 051  |2 11 
130 0 |a Victoria (New York, N.Y.) 
210 0 |a Victoria  |b (N.Y.N.Y.) 
222 0 |a Victoria  |b (New York, N.Y.) 
245 1 0 |a Victoria  |h [electronic resource]. 
260 |a New York, N.Y. :  |b Hearst Corp. 
310 |a Bimonthly,  |b 2007- 
321 |a Monthly,  |b <Sept. 1989-> 
321 |a Bimonthly,  |b <Aug. 1988-June 1989> 
362 1 |a Began in 1988. 
362 0 |a [New ser.] v. 1, no. 1 (Nov./Dec. 2007)- 
500 |a Published: Birmingham, AL : Hoffman Pub., <Nov./Dec/ 2007-> 
506 |a License restrictions may limit access. 
515 |a Suspended in 2003 and resumed with [new ser.], v. 1, no. 1 (Nov./Dec. 2007). 
588 |a Description based on: Vol. 2, no. 3 (Aug. 1988); title from cover. 
588 |a Latest issue consulted: [new ser.] v. 2, no. 1 (Jan./Feb. 2008). 
650 0 |a Home economics  |v Periodicals. 
650 6 |a Économie domestique  |v Périodiques. 
650 7 |a Home economics.  |2 fast  |0 (OCoLC)fst00959173 
650 7 |a Konsthantverk.  |2 sao 
650 7 |a Heminredning.  |2 sao 
655 0 |a Electronic journals. 
780 0 0 |t Good housekeeping's Victoria  |w (OCoLC)17220574 
850 |a DLC  |a NN 
856 4 0 |z Full text available from Research Library: 04/01/1998 to 06/30/2003  |u https://search.proquest.com/publication/36587